000 00262nam a22001097a 4500
040 _cSK
082 _a574
100 _aអប់រំ
245 _aជីវវិទ្យា
260 _aក្រសួងអប់រំ
_bអប់រំ
_c2001
942 _cKB
999 _c10237
_d10237